[Event "TCh-FRA"]
[Site "Mulhouse FRA"]
[Date "2001.03.29"]
[EventDate "2001.02.02"]
[Round "4"]
[Result "0-1"]
[White "Sergey Galdunts"]
[Black "Alexander Grischuk"]
[WhiteElo "2510"]
[BlackElo "2663"]
[PlyCount "84"]

1. e4 e5 2. Nf3 Nc6 3. Bb5 a6 4. Ba4 Nf6 5. O-O Bc5 6. d3 b5
7. Bb3 d6 8. c3 Bb6 9. a4 b4 10. Nbd2 Rb8 11. Nc4 Ba7 12. a5
O-O 13. Ba4 Ne7 14. Re1 Ng6 15. d4 bxc3 16. bxc3 Be6 17. d5
Bd7 18. Bc2 Ng4 19. Ne3 Nxe3 20. Bxe3 Bxe3 21. Rxe3 Nf4 22. g3
Nh3+ 23. Kg2 Qf6 24. Rb1 g5 25. Qd2 Rxb1 26. Bxb1 Rb8 27. Bd3
g4 28. Ng1 Rb3 29. Bxa6 Ra3 30. c4 Rxa5 31. Bb5 Bc8 32. Re1
Ra3 33. Qb2 Kg7 34. Re2 Rd3 35. Rd2 Rxd2 36. Qxd2 Ng5 37. Qe3
Qg6 38. f3 gxf3+ 39. Nxf3 Bh3+ 40. Kg1 Nxe4 41. Nh4 Qf6
42. Nf3 Nc5 0-1

[Event "Russian Club Cup"]
[Site "Sochi RUS"]
[Date "2006.04.26"]
[EventDate "2006.04.20"]
[Round "7"]
[Result "1-0"]
[White "Alexander Grischuk"]
[Black "Emil Sutovsky"]
[WhiteElo "2719"]
[BlackElo "2628"]
[PlyCount "72"]

1. e4 e5 2. Nf3 Nc6 3. Bb5 a6 4. Ba4 Nf6 5. O-O Nxe4 6. d4 b5
7. Bb3 d5 8. dxe5 Be6 9. c3 Be7 10. Re1 O-O 11. Nd4 Nxd4
12. cxd4 Bb4 13. Re2 c5 14. f3 cxd4 15. fxe4 Bg4 16. h3 Bxe2
17. Qxe2 Rc8 18. Bd2 d3 19. Qe1 Bc5+ 20. Kh1 Bd4 21. Nc3 Bxe5
22. Nxd5 Bxb2 23. Rd1 Re8 24. Qg3 Rxe4 25. Bg5 Qf8 26. Nf6+
Bxf6 27. Bxf6 d2 28. Rxd2 Rc1+ 29. Bd1 Re8 30. Bb2 Rc6 31. Bb3
Rg6 32. Qf4 Kh8 33. Bxf7 Re7 34. Rf2 Rd6 35. Kh2 Rdd7
36. Bxg7+ Kxg7 1-0

[Event "World Blitz Championship"]
[Site "Rishon Le Zion ISR"]
[Date "2006.09.07"]
[EventDate "2006.09.07"]
[Round "2"]
[Result "1-0"]
[White "Alexander Grischuk"]
[Black "Teimour Radjabov"]
[WhiteElo "2709"]
[BlackElo "2728"]
[PlyCount "56"]

1. e4 c5 2. Nf3 Nc6 3. Bb5 e6 4. d4 Nge7 5. c3 cxd4 6. cxd4 d5
7. exd5 Nxd5 8. O-O Bd7 9. Nc3 Be7 10. Re1 O-O 11. a3 Rc8
12. Bd3 Re8 13. Be4 Nxc3 14. bxc3 Bf6 15. Qd3 g6 16. Bh6 Qc7
17. c4 Red8 18. Rad1 Na5 19. c5 Bc6 20. h4 Bxe4 21. Qxe4 Rd5
22. Bf4 Qd8 23. Bd6 Nc4 24. Bg3 Rcxc5 25. dxc5 Rxd1 26. Qxc4
Rxe1+ 27. Nxe1 Qd1 28. Qf1 Qa1 1-0

[Event "FIDE World Rapid Championship"]
[Site "Khanty-Mansiysk RUS"]
[Date "2013.06.06"]
[EventDate "2013.06.06"]
[Round "1.1"]
[Result "0-1"]
[White "Ivan Popov"]
[Black "Alexander Grischuk"]
[WhiteElo "2632"]
[BlackElo "2779"]
[PlyCount "60"]

1. e4 g6 2. d4 d6 3. Nf3 Nf6 4. Nc3 Bg7 5. Be2 O-O 6. O-O a6
7. a4 e6 8. Be3 Nc6 9. h3 b6 10. Qd2 Bb7 11. Bh6 e5 12. Bxg7
Kxg7 13. Rfe1 Re8 14. Bf1 Nxd4 15. Nxd4 exd4 16. Qxd4 Qe7
17. Rad1 Qe5 18. Qxe5 Rxe5 19.f4 Re7 20.e5 dxe5 21.Rxe5 Rae8
22.Kf2 h5 23.g3 Bc8 24.Bg2 Bd7 25.Rd2 Bc8 26.Rde2 Rxe5 27.Rxe5
Bb7 28.Ke3 Kf8 29.h4 Re7 30.Rxe7 Kxe7 0-1